| 000 | 00454nam a22001577a 4500 | ||
|---|---|---|---|
| 005 | 20230605174915.0 | ||
| 008 | 230605b |||||||| |||| 00| 0 eng d | ||
| 020 | _a9788131520123 | ||
| 082 |
_a621.384 _bMUL-W |
||
| 100 | _a Mullett J.Gary | ||
| 245 | _a Wireless telecommunications systems and networks Wireless telecommunications systems and networks | ||
| 260 |
_aIndia _c2014 |
||
| 650 | _aEngineering | ||
| 700 | _aGary J. Mullett | ||
| 999 |
_c18576 _d18576 |
||